00483cam a22001574a 4500020002800000040000800028082002900036100002100065245004400086260004100130300006400171500002200235650002700257700002100284700002000305 a0072422246 (alk. paper) cDLC00a658​ HIL 2002 A106 Or.1 aFolk, Jeannie M.10aIntroduction to managerial accounting / aBoston :bMcGraw-Hill Irwin,cc2002. axxiv, 613 p. :bcol. ill. ;c28 cm. +e1 CD-ROM (4 3/4 in.) aIncludes indexes. 0aManagerial accounting.1 aGarrison, Ray H.1 aNoreen, Eric W.